00165nam a2200073Ia 4500008004100000082001300041100001400054245002300068240331s9999 xx 000 0 und d a100bBER aBerlin, I 4aThe Power of Ideas